000
00271nam a22001337a 4500
020
_a
0-7214-0733-1
082
_a
920
_b
COL/P
100
_a
COLLINS,JOAN
245
_a
POPE JOHN PAUL II
260
_a
UK
_b
LADY BIRD
300
_a
51
650
_a
BIOGRAPHY
_z
UK
942
_c
BK
999
_c
6333
_d
6333